Current Events - U.S. | 1 | 10.00 | 100% | 0% | 0% |
Current Events - World | 2 | 15.00 | 100% | 50% | 0% |
Fine Arts - Architecture | 1 | 10.00 | 100% | 0% | 0% |
Fine Arts - Ballet/Dance | 1 | 0.00 | 0% | 0% | 0% |
Fine Arts - Film | 1 | 20.00 | 100% | 100% | 0% |
Fine Arts - Miscellaneous | 4 | 22.50 | 100% | 75% | 50% |
Fine Arts - Music | 5 | 10.00 | 80% | 0% | 20% |
Fine Arts - Opera | 1 | 0.00 | 0% | 0% | 0% |
Fine Arts - Painting | 4 | 15.00 | 100% | 25% | 25% |
Fine Arts - Sculpture | 1 | 10.00 | 0% | 100% | 0% |
Geography - Europe | 1 | 10.00 | 100% | 0% | 0% |
Geography - United States | 1 | 20.00 | 100% | 0% | 100% |
Geography - World | 2 | 5.00 | 50% | 0% | 0% |
History - American | 10 | 14.00 | 70% | 70% | 0% |
History - Cross, Historiography, and Miscellaneous | 6 | 15.00 | 100% | 33% | 17% |
History - European | 6 | 18.33 | 83% | 50% | 50% |
History - World | 6 | 13.33 | 100% | 33% | 0% |
Literature - American | 3 | 16.67 | 100% | 67% | 0% |
Literature - British | 7 | 12.86 | 100% | 29% | 0% |
Literature - European | 8 | 16.25 | 100% | 63% | 0% |
Literature - World and Miscellaneous | 7 | 12.86 | 100% | 29% | 0% |
Other - Other Academic and General Knowledge | 1 | 10.00 | 100% | 0% | 0% |
RMP - East Asian Religion | 1 | 10.00 | 100% | 0% | 0% |
RMP - Hebrew Bible | 1 | 10.00 | 100% | 0% | 0% |
RMP - Hinduism | 1 | 20.00 | 100% | 100% | 0% |
RMP - Islam | 1 | 0.00 | 0% | 0% | 0% |
RMP - Other Religion | 1 | 10.00 | 100% | 0% | 0% |
RMP - Philosophy | 5 | 12.00 | 100% | 0% | 20% |
RMP - World Mythology | 4 | 20.00 | 100% | 75% | 25% |
Science - Astronomy | 1 | 10.00 | 0% | 100% | 0% |
Science - Biology | 7 | 8.57 | 71% | 14% | 0% |
Science - Chemistry | 7 | 10.00 | 71% | 29% | 0% |
Science - Computer Science | 2 | 5.00 | 50% | 0% | 0% |
Science - Earth | 1 | 10.00 | 100% | 0% | 0% |
Science - Engineering and Miscellaneous | 1 | 0.00 | 0% | 0% | 0% |
Science - Math | 1 | 10.00 | 100% | 0% | 0% |
Science - Physics | 8 | 17.50 | 100% | 63% | 13% |
Social Science - Anthropology | 1 | 20.00 | 100% | 100% | 0% |
Social Science - Linguistics | 2 | 15.00 | 100% | 50% | 0% |